| 000 | 00499nam a2200169 i 4500 | ||
|---|---|---|---|
| 001 | 146050 | ||
| 003 | ES-MaACL | ||
| 005 | 20230906201410.0 | ||
| 007 | t| | ||
| 008 | 071018s1968 sp ||||1| spa d | ||
| 100 | 1 |
_aVelde, Theodoor Hendrik van de. _9113819 |
|
| 245 | 1 | 3 |
_aEl matrimonio ideal _b: su técnica y fisiología / _cTh. H. Van de Velde. |
| 250 | _a1ª ed. | ||
| 260 |
_aBarcelona : _bBruguera, _c1968. |
||
| 300 |
_a303 p. : _bil. ; _c22 cm. |
||
| 852 |
_aES-MaACL _jC-48488 _bR.67272 |
||
| 999 |
_c146050 _d146050 |
||